000 00754nam a2200229 i 4500
001 81412
003 ES-MaACL
005 20230906174430.0
007 t|
008 041104s1942 sp ||||1| spa d
100 1 _aHuntington, Ellsworth.
_964748
245 1 0 _aCivilización y clima /
_cEllsworth Huntington ; traducción directa del inglés por Luis Perriaux.
260 _aMadrid :
_bRevista de Occidente,
_c[1942] (
_fImp. Galo Sáez)
300 _a348 p. :
_bil. ;
_c22 cm.
490 1 _aCosas que importan
650 4 _aClima y civilización.
_9171936
650 4 _aHombre-
_vEfectos del clima.
_9160962
700 1 _aPerriaux, Luis.
_991348
830 1 _aCosas que importan
_9183706
852 _aES-MaACL
_jB-10075
999 _c81412
_d81412